LEADER 00926nam a2200229 i 4500 001 000000236397 003 CaOOAMICUS 005 20141201000000.0 008 141201s1987 it u000 u ita u 013 $a215301 040 $aSeMil$bita 100 1 $aCabra, Pier Giordano,$c.$0(OLS)http://semarc/name/7172 245 10$aCaro Stefano :$blettere a un giovane che potrebbe fare di piu /$cPier Giordano Cabra. 250 $a5. ed. 260 $aBrescia :$bQueriniana,$c1987. 300 $a84 p. ;$c21 cm. 650 4$aVocazione - Pastorale.$0(OLS)http://semarc/subject/17348 850 $aSeMil 852 $aSeMil$W1$xVenegono$y1$m3F IV 571$j186743$B186743$CSeMilBibl$Z2$F197646 $81 961 $aLascito: Serenthà don Mario 996 $6245$aCaro Stefano :$blettere a un giovane che potrebbe fare di piu$9(OLS)http://semarc/title/336890 996 $6260$aBrescia :$bQueriniana$9(OLS)http://semarc/publisher/29615 LEADER 01112nam a2200241 i 4500 001 000000102587 003 CaOOAMICUS 005 20180830171932.0 008 180830s1929 fr u000 u mul u 013 $a74740 040 $aSeMil$bita 245 13$aLe baptème ; La confirmation :$bquestions 66-72 /$ctraduction française par A.B. Boulanger. 300 $a384 p. 500 $aIn Appendici : Notes explicatives ; Renseignements techniques ; Notes bibliographiques. 650 4$aBattesimo.$0(OLS)http://semarc/subject/7352 650 4$aConfermazione - Teologia.$0(OLS)http://semarc/subject/7741 700 1 $aBoulanger, A. B.$0(OLS)http://semarc/name/14128 700 0 $aTommaso : d'Aquino,$c.$0(OLS)http://semarc/name/423 773 0 $aTommaso : d'Aquino $tSomme Théologique.$dParis : Desclée & Cie $w()6218 773 0 $t[Tertia Pars].$w()6227 850 $aSeMil 852 $aSeMil$W1$xVenegono$y1$m660 28.4 30 *$j59086$B59086$CSeMilBibl$Z2$F70099 $81 996 $6245$aLe baptème ; La confirmation :$bquestions 66-72$9(OLS)http://semarc/title/149273